00498nam a2200193Ia 4500001000700000003000500007008004100012010001100053040000900064082001700073100001700090245007300107260005000180300001000230440000500240500000500245503000500250650004900255Z_1640CHAP220113s1992 xx 000 0 und d a164727 cCHAP a001.6424 S82 aStark, Robin aFox Pro: the master reference /cby Robin Stark and Shelley Sotonin aBlue Ridge Summit, PA :bMc Graw-Hill,c1992 a500 p a a a aFox Pro (Programación) I. Sotonin, Shelley